Keď logika podporí invenciu Spojová budova na Štrbskom Plese

Bibliographic Details
Main Author: Lýsek, Lumír, 1934- (Author)
Format: Article
Language:Slovak
PhysicalDescription:Obr. 5.
Subjects:

MARC

LEADER 00000nab a2200000 a 4500
001 vtls000001921
003 SK-MaSNL
005 20260304062757.0
008 250422c1978 xo 0 slo
015 |a SNBRB19rr/mm-uuuuu 
035 |a CL0012013 
035 |a urn:nbn:sk:snk-abdjhi 
035 |a (urnnbn)urn:nbn:sk:snk:ar-000r3j 
035 |a (uuid)76aa8c6f-3e68-4fc2-a522-e635f80d0782 
040 |a SNKBUCL  |b slo  |c SNKBUCL  |e AACR2 
041 0 |a slo 
044 |a xo  |c SK 
080 |a 725  |2 1981 
100 1 |a Lýsek, Lumír,  |d 1934-  |4 aut  |9 207492 
245 1 0 |a Keď logika podporí invenciu  |b Spojová budova na Štrbskom Plese  |c Lumír Lýsek 
300 |b Obr. 5. 
650 0 7 |a budovy telekomunikačné  |2 snkbucl  |9 1285223 
655 7 |a články z novín a časopisov  |2 snkbucl  |9 267496 
773 0 |t Projekt  |g Roč. 20, č. 4 (1978), s. 7-8 
850 |a Slovenská národná knižnica 
852 |a Slovenská národná knižnica 
954 |a odborná, vedecká literatúra pôvodná (slovenská)  |2 lita 
957 |a 5406 
958 |a article19 
958 |a RK 
958 |a OND 
958 |a EUIPO 
992 |a RBX 
999 |c 2739474  |d 2741404